Peace and conflict studies: an introduction (Record no. 53244)

MARC details
000 -LEADER
fixed length control field 00882nam a2200253 a 4500
001 - CONTROL NUMBER
control field 12307408
008 - FIXED-LENGTH DATA ELEMENTS--GENERAL INFORMATION
fixed length control field 180815s2000 ||||||||||||||||| || u
010 ## - LIBRARY OF CONGRESS CONTROL NUMBER
LC control number 00134022
020 ## - INTERNATIONAL STANDARD BOOK NUMBER
International Standard Book Number 184014095X (hb)
020 ## - INTERNATIONAL STANDARD BOOK NUMBER
International Standard Book Number 1840140984 (pb)
050 ## - LIBRARY OF CONGRESS CALL NUMBER
Classification number JZ 5538 Jeo
100 ## - MAIN ENTRY--PERSONAL NAME
Personal name Jeong, Ho-Won
245 10 - TITLE STATEMENT
Title Peace and conflict studies: an introduction
Statement of responsibility, etc. Ho-Won Jeong
260 ## - PUBLICATION, DISTRIBUTION, ETC.
Place of publication, distribution, etc. Burlington, USA:
Name of publisher, distributor, etc. Ashgate Publications
Date of publication, distribution, etc. 2000
300 ## - PHYSICAL DESCRIPTION
Extent xvi, 407p.
490 ## - SERIES STATEMENT
Series statement Studies in peace and conflict research
500 ## - GENERAL NOTE
General note Includes bibliographical references (p. 379-400) and index.
650 #0 - SUBJECT ADDED ENTRY--TOPICAL TERM
Topical term or geographic name entry element PEACE--PHILOSOPHY
650 #0 - SUBJECT ADDED ENTRY--TOPICAL TERM
Topical term or geographic name entry element SECURITY, INTERNATIONAL
650 #0 - SUBJECT ADDED ENTRY--TOPICAL TERM
Topical term or geographic name entry element PEACE
650 #0 - SUBJECT ADDED ENTRY--TOPICAL TERM
Topical term or geographic name entry element INTERNATIONAL COOPERATION
650 #0 - SUBJECT ADDED ENTRY--TOPICAL TERM
Topical term or geographic name entry element CONFLICT MANAGEMENT
995 ## - RECOMMENDATION 995 [LOCAL, UNIMARC FRANCE]
-- CBU-MAIN LIBRARY (Kitwe)
-- 1
-- AVAILABLE
-- Aug 15, 2018
-- Short Loan Collection
Holdings
Withdrawn status Lost status Source of classification or shelving scheme Damaged status Not for loan Home library Current library Shelving location Date acquired Total Checkouts Full call number Barcode Date last seen Price effective from Koha item type
          CBU-MAIN LIBRARY, KITWE. CBU-MAIN LIBRARY, KITWE.   11/30/2022   JZ 5538 Jeo 748421 11/30/2022 11/30/2022 MONOGRAPH